000 00659nam a22002417a 4500
003 UA-OsUOA
001 34736
007 ta
008 20051019b un ||||| |||| 00| 0 ukr d
100 _aНудненко Л. А.
090 _a321.7
_bН87
942 _cBK
040 _aUA-OsUOA
_brus
_cUA-OsUOA
_dUA-OsUOA
245 _aТеория демократии
300 _a95 с.
955 _a2
041 _arus
080 _a321.7
020 _a5-7975-0458-8
260 _aМ.
_bЮристь
_c2001
650 7 _a321 Форми політичних організацій. Держави як політичні влади
_2UDC
999 _c321165
_d321165